000 00557nam a2200181 i 4500
001 141854
003 ES-MaACL
005 20230906200401.0
007 t|
008 070928s1962 sp ||||1| spa d
080 _a621.002/.003
100 1 _aViñas Carles, Juan.
_9115378
245 1 0 _aPlanning, costes y presupuestos en las industrias mecánicas /
_cpor J. Viñas Carles.
260 _aBarcelona :
_bAriel,
_c[1962]
300 _a435 p. :
_bil. ;
_c25 cm.
650 1 4 _aIndustria de bienes de equipo.
_913724
852 _aES-MaACL
_jC-22482
_bR.51200
999 _c141854
_d141854